000 00482nam a2200193 a 4500
001 2388
003 CO-ViMGA
008 141112s2004 ck r 000 u spa d
040 _aCO-ViMGA
_bspa
_cCO-ViMGA
082 0 4 _aMARmu
100 1 _aMartinez Menchen, Antonio
_951245
245 1 0 _aMi amigo el unicornio
250 _a2a
260 _aMadrid :
_bAnaya,
_c1994
300 _a59 p : il
490 _aEl duende verde, 53
650 1 4 _aCUENTOS INFANTILES
_92743
942 _2ddc
_cBK
999 _c14487
_d14487